000 00665nam a2200181 a 4500
001 000017047
005 20200929165018.0
008 100316s1975 dr a 000 0 spa d
040 _aDO-SdBNP
_bspa
_cBNPHU
082 _axxx
_bP438r
100 1 _aPérez Montás, Hernando
_937623
245 1 0 _aResultados analíticos del estudio de efectividad uso del dispositivo intrauterino Dalkon Shield en República Dominicana /
_cHernando Pérez Montás.
260 _aSanto Domingo :
_bAsociación Dominicana Pro Bienestar de la Familia,
_c1975.
300 _a8 p. :
_bil. ;
_c23 cm.
490 1 _aDivulgación-MTP 2
830 0 _aDivulgación-MTP 2
_937624
049 _aBNPD
999 _c16573
_d16573